000 00349nam a2200109Ia 4500
008 171211s9999 xx 000 0 und d
245 _aSoviet and Russian Testbed Aircraft
245 _cDmitriy Komissarov and Yefim Gordon
260 _c2011
650 _xMilitary
856 _uhttp://down.ebook777.com/Soviet%20and%20Russian%20Testbed%20Aircraft.pdf
999 _c348278
_d348278